| 000 | 00533nab a2200157Ia 4500 | ||
|---|---|---|---|
| 003 | ES-SlBCS | ||
| 005 | 20210601124325.0 | ||
| 008 | 140529s1995 xxu||||| |||| 00| 0 eng d | ||
| 041 | _aeng | ||
| 100 | 1 |
_aGitlin, Andrew _9139574 |
|
| 245 | 0 | 0 |
_aCreating Spaces for Reconstructing Knowledge in Feminist Pedagogy _c Andrew Gitlin, Audrey Thompson |
| 650 | 0 | 4 |
_aPedagogía Feminista-Desarrollo _9139759 |
| 700 | 1 |
_aThompson, Audrey _9139760 |
|
| 773 | 0 |
_tEducational Theory _gvol. 45, nº. 2, 1995, págs. 125-150 _wRev1399 |
|
| 942 | _cAR | ||
| 999 |
_c512958 _d512958 |
||